| 000 | 01047nam a2200241Ia 4500 | ||
|---|---|---|---|
| 999 |
_c4985 _d4985 |
||
| 003 | OSt | ||
| 005 | 20200420124351.0 | ||
| 008 | 191128s2007 ck a gr 000 0dspa d | ||
| 020 | _a9789588340111 | ||
| 040 |
_aCO-JMCR _cCO-JMCR |
||
| 041 | 0 | _aspa | |
| 082 | 0 | 4 |
_a303.484 / _bM351f |
| 110 | 2 |
_aDepartamento Nacional de Planeación DPN _93233 |
|
| 245 | 2 | 0 |
_aForjar una cultura para la convivencia : _bpropuesta para la discusión/ _cDepartamento Nacional de Planeación DPN |
| 260 |
_aBogotá : _bDepartamento Nacional de Planeación, _c2007 |
||
| 300 |
_aXXI, 99 páginas : _bilustraciones en blanco y negro ; _c28 cm. |
||
| 490 | 0 | _aVisión Colombia II centenario. 2019 | |
| 500 | _aBibliografía: páginas 95 - 99. | ||
| 505 | _aIntroducción del documentos -- Índice cuadros y tablas -- Ídices de ilustraciones, mapas y gráficos -- Siglas y acrónimos -- Hacia un relato de nación desde la diversisd cultural | ||
| 650 | 1 | 4 |
_aCultura y desarrollo _91993 |
| 650 | 2 | 4 |
_aConvivencia Participación política _93234 |
| 942 |
_2ddc _cBK |
||